Thinking teams, thinking clients : knowledge-based teamwork (Record no. 78206)

MARC details
000 -LEADER
fixed length control field 00685nam a2200217Ia 4500
008 - FIXED-LENGTH DATA ELEMENTS--GENERAL INFORMATION
fixed length control field 191130s2000##################000#0#eng##
020 ## - INTERNATIONAL STANDARD BOOK NUMBER
ISBN 9780231116855
082 ## - DEWEY DECIMAL CLASSIFICATION NUMBER
Classification number 362.1068 OPI
100 ## - MAIN ENTRY--AUTHOR NAME
Personal name Opie, Anne
245 ## - TITLE STATEMENT
Title Thinking teams, thinking clients : knowledge-based teamwork
Statement of responsibility, etc Anne Opie
260 ## - PUBLICATION, DISTRIBUTION, ETC. (IMPRINT)
Place of publication New York
Name of publisher Columbia University Press
Year of publication c2000
300 ## - PHYSICAL DESCRIPTION
Number of Pages viii, 297 p. : ill. ; 24 cm
500 ## - GENERAL NOTE
General note Includes bibliographical references (p. [283]-292) and index
650 ## - SUBJECT ADDED ENTRY--TOPICAL TERM
Topical Term Health care teams
Topical Term Health care teams - New Zealand
991 ## -
-- 362041
Holdings
Withdrawn status Lost status Damaged status Not for loan Home library Current library Shelving location Date acquired Full call number Accession Number Price effective from Koha item type
        Anna Centenary Library Anna Centenary Library 4TH FLOOR, A WING 09.10.2020 362.1068 OPI 168924 09.10.2020 English Books

Find us on the map